000 00626cam a22002173a 4500
001 45207
003 PGUSA
005 20140828084032.0
008 140325s2014||||xxu|||||s|||||000 | eng d
040 _aPGUSA
_beng
042 _adc
100 1 _aMalot, Hector,
_d1830-1907
245 1 0 _aAnie :
_bIllustrated version
_h[electronic resource] /
_cHector Malot
260 _bProject Gutenberg,
_c2014
506 _aPublic domain in the USA.
516 _aElectronic text
700 1 _aBayard, Émile Antoine,
_d1837-1891
830 0 _aProject Gutenberg
_v45207
856 4 0 _uhttp://www.gutenberg.org/ebooks/45207
942 _cEB
999 _c274458
_d274458